000 00348 a2200109 4500
001 ART_17336
005 20260410161819.0
008 260409a
245 1 0 _aLa sanción de decomiso en el ámbito tributario
100 1 _aDomínguez, Marcelo E.
773 0 _tDoctrina Penal Tributaria y Económica
_g- Nº 5 (mar. 2008)
_wREV4317
999 _c22185
_d22185